<?xml version="1.0" encoding="UTF-8"?>
<record
    xmlns:xsi="http://www.w3.org/2001/XMLSchema-instance"
    xsi:schemaLocation="http://www.loc.gov/MARC21/slim http://www.loc.gov/standards/marcxml/schema/MARC21slim.xsd"
    xmlns="http://www.loc.gov/MARC21/slim">

  <leader>00783nam a2200265 i 4500</leader>
  <controlfield tag="001">C2-0325906</controlfield>
  <controlfield tag="003">PPAK</controlfield>
  <controlfield tag="005">20180728123855.0</controlfield>
  <controlfield tag="008">140310s2013    my a|||| |||||  |   may d</controlfield>
  <datafield tag="020" ind1=" " ind2=" ">
    <subfield code="a">9789670313238</subfield>
  </datafield>
  <datafield tag="040" ind1=" " ind2=" ">
    <subfield code="a">PPAK</subfield>
    <subfield code="b">eng</subfield>
    <subfield code="c">PPAK</subfield>
    <subfield code="e">rda</subfield>
  </datafield>
  <datafield tag="082" ind1="0" ind2="4">
    <subfield code="a">499.2386</subfield>
    <subfield code="2">23</subfield>
  </datafield>
  <datafield tag="090" ind1="0" ind2="0">
    <subfield code="a">499.2386</subfield>
    <subfield code="b">HAM</subfield>
    <subfield code="d">K</subfield>
  </datafield>
  <datafield tag="100" ind1="0" ind2=" ">
    <subfield code="a">Hamdan Mohd Ali, </subfield>
    <subfield code="e">author</subfield>
  </datafield>
  <datafield tag="245" ind1="1" ind2="0">
    <subfield code="a">Si Panda yang rabun dan Si Pepatung yang sombong</subfield>
  </datafield>
  <datafield tag="264" ind1=" " ind2="1">
    <subfield code="a">Negeri Sembilan : </subfield>
    <subfield code="b">Goodwill Publications , </subfield>
    <subfield code="c">2013</subfield>
  </datafield>
  <datafield tag="300" ind1=" " ind2=" ">
    <subfield code="a">30 pages : </subfield>
    <subfield code="b">colour illustrations ; </subfield>
    <subfield code="c">22 cm</subfield>
  </datafield>
  <datafield tag="336" ind1=" " ind2=" ">
    <subfield code="2">rdacontent</subfield>
    <subfield code="a">text</subfield>
  </datafield>
  <datafield tag="337" ind1=" " ind2=" ">
    <subfield code="2">rdamedia</subfield>
    <subfield code="a">unmediated</subfield>
  </datafield>
  <datafield tag="338" ind1=" " ind2=" ">
    <subfield code="2">rdacarrier</subfield>
    <subfield code="a">volume</subfield>
  </datafield>
  <datafield tag="490" ind1="1" ind2=" ">
    <subfield code="a">Siri bacaan pelangi</subfield>
  </datafield>
  <datafield tag="650" ind1="1" ind2="0">
    <subfield code="a">Bahasa Malaysia - Readers</subfield>
  </datafield>
  <datafield tag="830" ind1=" " ind2="0">
    <subfield code="a">Siri bacaan pelangi</subfield>
  </datafield>
  <datafield tag="942" ind1=" " ind2=" ">
    <subfield code="d">dc</subfield>
    <subfield code="c">B</subfield>
  </datafield>
  <datafield tag="999" ind1=" " ind2=" ">
    <subfield code="c">125602</subfield>
    <subfield code="d">125602</subfield>
  </datafield>
  <datafield tag="952" ind1=" " ind2=" ">
    <subfield code="0">0</subfield>
    <subfield code="7">0</subfield>
    <subfield code="b">PPAK</subfield>
    <subfield code="c">K</subfield>
    <subfield code="d">2014-03-10</subfield>
    <subfield code="l">10</subfield>
    <subfield code="o">K 499.2386 HAM</subfield>
    <subfield code="p">A01434379</subfield>
    <subfield code="r">2026-01-27 17:19:34</subfield>
    <subfield code="s">2026-01-07</subfield>
    <subfield code="y">B</subfield>
  </datafield>
  <datafield tag="952" ind1=" " ind2=" ">
    <subfield code="0">0</subfield>
    <subfield code="7">0</subfield>
    <subfield code="b">PPAK</subfield>
    <subfield code="c">K</subfield>
    <subfield code="d">2014-03-10</subfield>
    <subfield code="l">5</subfield>
    <subfield code="o">K 499.2386 HAM</subfield>
    <subfield code="p">A01434380</subfield>
    <subfield code="r">2023-10-24 09:12:48</subfield>
    <subfield code="s">2023-10-08</subfield>
    <subfield code="y">B</subfield>
  </datafield>
  <datafield tag="952" ind1=" " ind2=" ">
    <subfield code="0">0</subfield>
    <subfield code="7">0</subfield>
    <subfield code="b">SP</subfield>
    <subfield code="c">K</subfield>
    <subfield code="d">2014-03-10</subfield>
    <subfield code="l">7</subfield>
    <subfield code="m">2</subfield>
    <subfield code="o">K 499.2386 HAM</subfield>
    <subfield code="p">A01434381</subfield>
    <subfield code="r">2026-06-27 16:21:08</subfield>
    <subfield code="s">2026-06-22</subfield>
    <subfield code="y">B</subfield>
  </datafield>
  <datafield tag="952" ind1=" " ind2=" ">
    <subfield code="0">0</subfield>
    <subfield code="7">0</subfield>
    <subfield code="b">JT</subfield>
    <subfield code="c">K</subfield>
    <subfield code="d">2014-03-10</subfield>
    <subfield code="l">1</subfield>
    <subfield code="m">1</subfield>
    <subfield code="o">K 499.2386 HAM</subfield>
    <subfield code="p">A01434382</subfield>
    <subfield code="r">2019-09-21 00:00:00</subfield>
    <subfield code="s">2019-08-28</subfield>
    <subfield code="y">B</subfield>
  </datafield>
  <datafield tag="952" ind1=" " ind2=" ">
    <subfield code="0">0</subfield>
    <subfield code="7">0</subfield>
    <subfield code="b">LW</subfield>
    <subfield code="c">K</subfield>
    <subfield code="d">2014-03-10</subfield>
    <subfield code="l">2</subfield>
    <subfield code="o">K 499.2386 HAM</subfield>
    <subfield code="p">A01434383</subfield>
    <subfield code="r">2025-02-26 17:28:19</subfield>
    <subfield code="s">2025-02-05</subfield>
    <subfield code="y">B</subfield>
  </datafield>
  <datafield tag="952" ind1=" " ind2=" ">
    <subfield code="0">0</subfield>
    <subfield code="7">0</subfield>
    <subfield code="b">KM</subfield>
    <subfield code="c">K</subfield>
    <subfield code="d">2014-03-10</subfield>
    <subfield code="l">2</subfield>
    <subfield code="o">K 499.2386 HAM</subfield>
    <subfield code="p">A01434384</subfield>
    <subfield code="r">2019-11-27 00:00:00</subfield>
    <subfield code="s">2019-11-20</subfield>
    <subfield code="y">B</subfield>
  </datafield>
  <datafield tag="952" ind1=" " ind2=" ">
    <subfield code="0">0</subfield>
    <subfield code="7">0</subfield>
    <subfield code="b">YN</subfield>
    <subfield code="c">K</subfield>
    <subfield code="d">2014-03-10</subfield>
    <subfield code="l">15</subfield>
    <subfield code="m">2</subfield>
    <subfield code="o">K 499.2386 HAM</subfield>
    <subfield code="p">A01434385</subfield>
    <subfield code="r">2026-01-26 16:54:55</subfield>
    <subfield code="s">2025-12-22</subfield>
    <subfield code="y">B</subfield>
  </datafield>
  <datafield tag="952" ind1=" " ind2=" ">
    <subfield code="0">0</subfield>
    <subfield code="7">0</subfield>
    <subfield code="b">SK</subfield>
    <subfield code="c">K</subfield>
    <subfield code="d">2014-03-10</subfield>
    <subfield code="o">K 499.2386 HAM</subfield>
    <subfield code="p">A01434386</subfield>
    <subfield code="r">2018-05-09 00:00:00</subfield>
    <subfield code="y">B</subfield>
  </datafield>
  <datafield tag="952" ind1=" " ind2=" ">
    <subfield code="0">0</subfield>
    <subfield code="7">0</subfield>
    <subfield code="b">BL</subfield>
    <subfield code="c">K</subfield>
    <subfield code="d">2014-03-10</subfield>
    <subfield code="l">1</subfield>
    <subfield code="o">K 499.2386 HAM</subfield>
    <subfield code="p">A01434387</subfield>
    <subfield code="r">2025-05-17 11:43:49</subfield>
    <subfield code="s">2025-05-10</subfield>
    <subfield code="y">B</subfield>
  </datafield>
  <datafield tag="952" ind1=" " ind2=" ">
    <subfield code="0">0</subfield>
    <subfield code="7">0</subfield>
    <subfield code="b">BB</subfield>
    <subfield code="c">K</subfield>
    <subfield code="d">2014-03-10</subfield>
    <subfield code="l">1</subfield>
    <subfield code="o">K 499.2386 HAM</subfield>
    <subfield code="p">A01434388</subfield>
    <subfield code="r">2021-01-13 00:00:00</subfield>
    <subfield code="s">2020-12-21</subfield>
    <subfield code="y">B</subfield>
  </datafield>
  <datafield tag="952" ind1=" " ind2=" ">
    <subfield code="0">0</subfield>
    <subfield code="7">0</subfield>
    <subfield code="b">KN</subfield>
    <subfield code="c">K</subfield>
    <subfield code="d">2014-03-10</subfield>
    <subfield code="o">K 499.2386 HAM</subfield>
    <subfield code="p">A01434389</subfield>
    <subfield code="r">2018-05-09 00:00:00</subfield>
    <subfield code="y">B</subfield>
  </datafield>
  <datafield tag="952" ind1=" " ind2=" ">
    <subfield code="0">0</subfield>
    <subfield code="7">0</subfield>
    <subfield code="b">BL</subfield>
    <subfield code="c">K</subfield>
    <subfield code="d">2014-03-10</subfield>
    <subfield code="l">2</subfield>
    <subfield code="o">K 499.2386 HAM</subfield>
    <subfield code="p">A01434390</subfield>
    <subfield code="r">2025-03-24 14:31:18</subfield>
    <subfield code="s">2025-03-15</subfield>
    <subfield code="y">B</subfield>
  </datafield>
  <datafield tag="952" ind1=" " ind2=" ">
    <subfield code="0">0</subfield>
    <subfield code="7">0</subfield>
    <subfield code="b">MR</subfield>
    <subfield code="c">K</subfield>
    <subfield code="d">2014-03-10</subfield>
    <subfield code="o">K 499.2386 HAM</subfield>
    <subfield code="p">A01434391</subfield>
    <subfield code="r">2018-05-09 00:00:00</subfield>
    <subfield code="y">B</subfield>
  </datafield>
</record>
